Σιμόν Μποκκανέγκρα : όπερα σε πρόλογο και τρεις πράξεις = Simon Boccanegra : opera in a prologue and three acts

Αποθηκεύτηκε σε:
Λεπτομέρειες βιβλιογραφικής εγγραφής
Άλλοι συγγραφείς: Κώτση, Αντωνέτα (edtf [Επιμελήτρια]), Sturmey, Christine (trlf)
Μορφή: Βιβλίο
Γλώσσα:Greek
English
Δημοσίευση: [Αθήνα] : Εθνική Λυρική Σκηνή, [2007-2008].
Θέματα:
Ετικέτες: Προσθήκη ετικέτας
Δεν υπάρχουν, Καταχωρήστε ετικέτα πρώτοι!

MARC

LEADER 00000cam a2200000 i 4500
001 1/101231
008 090213s2008####gr | | ||| |||| ||gre||
035 |l 10103178 
040 |a GR-MY-UA  |b gre  |e aacr 
041 0 |a gre  |a eng 
082 0 |a 782.1   |2 (22)  
245 1 0 |a Σιμόν Μποκκανέγκρα :   |b όπερα σε πρόλογο και τρεις πράξεις = Simon Boccanegra : opera in a prologue and three acts /   |c επιμέλεια κειμένων Αντωνέτα Κώτση, αγγλική μετάφραση Christine Sturmey.  
246 1 |i Παράλληλος τίτλος:   |a Simon Boccanegra :   |b opera in a prologue and three acts  
260 |a [Αθήνα] :   |b Εθνική Λυρική Σκηνή,   |c [2007-2008].  
300 |a 111 σ. :   |b εγχρ. εικ. ;   |c 24 εκ.+   |e 1 φυλ.  
500 |a [Επιμέλεια έκδοσης] Νίκος Α. Δοντάς, Άννα Παπαέτη, Ελένη Πέτρου-Ράπτη, Σοφία Κομποτιάτη, καλλιτεχνική επιμέλεια Γιάννης Κουρούδης, k2design -- Αριθμός έκδοσης 16.  
600 1 0 |a Verdi, Giuseppe,   |d 1813-1901  |x Stories, plots, etc. 
650 0 0 |a Operas  |x Stories, plots, etc. 
650 0 0 |a Opera  |x Performances. 
650 0 0 |a Opera  |x Analysis, apreciation. 
650 0 0 |a Opera programs. 
700 1 |a Κώτση, Αντωνέτα,  |e edtf [Επιμελήτρια] 
700 1 |a Sturmey, Christine,  |e trlf 
852 |a INST  |b LESVOS  |e 20090213  |h 782.1 ΣΙΜ  |p 005100039929  |q 005100039929  |t BK  |y 0 
901 |a BIBL1-2009-1 
909 |a Λ  |b 121699 
970 |a ΤΖΑΦΕΡΗ  |b ΕΥΑΓΓΕΛΙΑ  |z 2009/02/13